000 00871nam a2200253Ia 4500
003 OSt
005 20220923215045.0
006 a|||||r|||| 00| 0
007 ta
008 220922b |||||||| |||| 00| 0 hin d
024 _a175,243
037 _cTextual
040 _aARTS
_cARTS
_bhin
041 _2hin
_ahin
082 _aO152:g, K2
100 _aशर्मा, रामाधार
_9156279
245 0 _aहिन्दी का सैद्धान्तिक समीक्षा
246 _aHindī kā saiddhāntik samīkṣhā
260 _c1962
490 _aसागर विश्वविद्यालय हिन्दी परिषद माला
650 _aहिन्दी साहित्य
_9156264
942 _hO152:g, K2
_cTEXL
_2CC
999 _c328947
_d328947